<?xml version="1.0" encoding="UTF-8"?>
<record
    xmlns:xsi="http://www.w3.org/2001/XMLSchema-instance"
    xsi:schemaLocation="http://www.loc.gov/MARC21/slim http://www.loc.gov/standards/marcxml/schema/MARC21slim.xsd"
    xmlns="http://www.loc.gov/MARC21/slim">

  <leader>00438nam a22001697a 4500</leader>
  <controlfield tag="003">UA-OsUOA</controlfield>
  <controlfield tag="001"> 5314 </controlfield>
  <controlfield tag="007">ta</controlfield>
  <controlfield tag="008">20050721b un ||||| |||| 00| 0 ukr d</controlfield>
  <datafield tag="100" ind1=" " ind2=" ">
    <subfield code="a">&#x411;&#x435;&#x43B;&#x44F;&#x432;&#x441;&#x44C;&#x43A;&#x430;</subfield>
  </datafield>
  <datafield tag="700" ind1=" " ind2=" ">
    <subfield code="a">&#x41E;. &#x41E;.</subfield>
  </datafield>
  <datafield tag="942" ind1=" " ind2=" ">
    <subfield code="c">BK</subfield>
  </datafield>
  <datafield tag="040" ind1=" " ind2=" ">
    <subfield code="a">UA-OsUOA</subfield>
    <subfield code="c">UA-OsUOA</subfield>
    <subfield code="d">UA-OsUOA</subfield>
  </datafield>
  <datafield tag="245" ind1=" " ind2=" ">
    <subfield code="a">&#x412;&#x438;&#x43A;&#x43E;&#x440;&#x438;&#x441;&#x442;&#x430;&#x43D;&#x43D;&#x44F; &#x433;&#x440;&#x438; &#x432; &#x43F;&#x440;&#x43E;&#x446;. &#x43D;&#x430;&#x432;&#x447;. &#x434;&#x456;&#x430;&#x43B;&#x43E;&#x433;&#x456;&#x447;&#x43D;&#x43E;&#x433;&#x43E; &#x43C;&#x43E;&#x432;&#x43B;..</subfield>
    <subfield code="b">BA Paper</subfield>
  </datafield>
  <datafield tag="955" ind1=" " ind2=" ">
    <subfield code="a">2</subfield>
  </datafield>
  <datafield tag="650" ind1=" " ind2="7">
    <subfield code="2">UDC</subfield>
  </datafield>
  <datafield tag="999" ind1=" " ind2=" ">
    <subfield code="c">291476</subfield>
    <subfield code="d">291476</subfield>
  </datafield>
</record>
